|
|
|
|
| LEADER |
02207nam a2200445 4500 |
| 001 |
ocn703286095 |
| 003 |
OCoLC |
| 005 |
20180501121939.0 |
| 006 |
m o d |
| 007 |
cr cnu---unuuu |
| 008 |
110222s2009 enka ob 001 0 eng d |
| 040 |
|
|
|a N$T
|b eng
|e pn
|c N$T
|d OCLCQ
|d OCLCF
|d CDX
|d OPELS
|d OCLCQ
|d OCL
|d OCLCQ
|d GrThAP
|
| 019 |
|
|
|a 700709021
|
| 020 |
|
|
|a 9780123747846
|q (electronic bk.)
|
| 020 |
|
|
|a 0123747848
|q (electronic bk.)
|
| 020 |
|
|
|a 9780080950846
|q (electronic bk.)
|
| 020 |
|
|
|a 0080950841
|q (electronic bk.)
|
| 024 |
8 |
|
|a 9786612954375
|
| 035 |
|
|
|a (OCoLC)703286095
|z (OCoLC)700709021
|
| 050 |
|
4 |
|a QD411
|b .A38 2009eb
|
| 072 |
|
7 |
|a SCI
|x 013040
|2 bisacsh
|
| 082 |
0 |
4 |
|a 547.05
|2 22
|
| 049 |
|
|
|a TEFA
|
| 245 |
0 |
0 |
|a Advances in organometallic chemistry.
|n Vol. 58 /
|c edited by Anthony F. Hill and Mark J. Fink.
|
| 260 |
|
|
|a London :
|b Academic Press,
|c 2009.
|
| 300 |
|
|
|a 1 online resource (vii, 218 pages) :
|b illustrations
|
| 336 |
|
|
|a text
|b txt
|2 rdacontent
|
| 337 |
|
|
|a computer
|b c
|2 rdamedia
|
| 338 |
|
|
|a online resource
|b cr
|2 rdacarrier
|
| 504 |
|
|
|a Includes bibliographical references and indexes.
|
| 588 |
0 |
|
|a Print version record.
|
| 520 |
|
|
|a Almost all branches of chemistry and material science now interface with organometallic chemistry--the study of compounds containing carbon-metal bonds. This widely acclaimed serial contains authoritative reviews that address all aspects of organometallic chemistry, a field that has expanded enormously since the publication of Volume 1 in 1964. * Fully updated and expanded to reflect recent advances * Illustrated with pertinenet examples from recent literature * Contributions from leading authorities and industry experts.
|
| 650 |
|
0 |
|a Organometallic chemistry.
|
| 650 |
|
7 |
|a SCIENCE
|x Chemistry
|x Organic.
|2 bisacsh
|
| 650 |
|
7 |
|a Organometallic chemistry.
|2 fast
|0 (OCoLC)fst01047969
|
| 655 |
|
4 |
|a Electronic books.
|
| 700 |
1 |
|
|a Hill, Anthony F.
|
| 700 |
1 |
|
|a Fink, Mark J.
|
| 776 |
0 |
8 |
|i Print version:
|t Advances in organometallic chemistry. Vol. 58.
|d London : Academic, 2009
|z 9780123747846
|w (OCoLC)435730679
|
| 856 |
4 |
0 |
|u https://www.sciencedirect.com/science/bookseries/00653055/58
|z Full Text via HEAL-Link
|